[Event "Oberliga Ost A 2023 2024"]
[Site "?"]
[Date "2024.02.24"]
[Round "6.6"]
[Board "4"]
[White "Rohne, Lars"]
[Black "Schunk, Thomas"]
[Result "0-1"]
[WhiteElo "2136"]
[BlackElo "2151"]
[PlyCount "48"]
[EventDate "2023.10.22"]
[EventType "team-tourn"]
[EventCountry "GER"]
[WhiteTeam "Leipzig VfB"]
[BlackTeam "Leipzig SG II"]
[WhiteTeamCountry "GER"]
[BlackTeamCountry "GER"]

1. e4 c5 2. b3 Nc6 3. Bb2 e5 4. Bb5 d6 5. Ne2 Be6 6. Bxc6+ bxc6 7. O-O f6 8. f4 Be7 9. Ng3 Nh6 10. d3 exf4 11. Rxf4 O-O 12. Nd2 d5 13. Qe1 Qd7 14. Qe2 Bd6 15. e5 fxe5 16. Rxf8+ Rxf8 17. Nf3 Ng4 18. Re1 h6 19. Bxe5 Rxf3 20. gxf3 Nxe5 21. c3 Bf7 22. Kg2 Ng6 23. Qd2 Nh4+ 24. Kf2 Qh3 0-1

[Event "Oberliga Ost A 2023 2024"]
[Site "?"]
[Date "2024.02.24"]
[Round "6.6"]
[Board "5"]
[White "Dietze, Frank"]
[Black "Just, Wolfgang"]
[Result "0-1"]
[WhiteElo "2061"]
[BlackElo "2065"]
[PlyCount "118"]
[EventDate "2023.10.22"]
[EventType "team-tourn"]
[EventCountry "GER"]
[WhiteTeam "Leipzig SG II"]
[BlackTeam "Leipzig VfB"]
[WhiteTeamCountry "GER"]
[BlackTeamCountry "GER"]

1. d4 e6 2. c4 f5 3. g3 Nf6 4. Bg2 d5 5. Nf3 Be7 6. O-O O-O 7. b3 c6 8. Bb2 Ne4 9. e3 Nd7 10. Qc2 g5 11. Ne1 Ndf6 12. f3 Nd6 13. Nd3 g4 14. Nd2 Bd7 15. Nf4 Qe8 16. Rac1 gxf3 17. Nxf3 Nde4 18. c5 Kh8 19. Ne5 Rg8 20. Qe2 Rd8 21. Bf3 Rg7 22. Bxe4 Nxe4 23. Qh5 Qg8 24. Qh3 Bf6 25. Nh5 Bxe5 26. dxe5 Rg6 27. Nf6 Nxf6 28. exf6 Qf7 29. Rf4 h6 30. Ra4 a6 31. Rh4 Kh7 32. Qg2 Rdg8 33. Be5 Rg4 34. Rxg4 Rxg4 35. Qb2 Re4 36. Qc3 Be8 37. Rf1 Qh5 38. Bf4 Kg6 39. Kg2 Qe2+ 40. Rf2 Qb5 41. f7 Bxf7 42. Qh8 Rxf4 43. gxf4 Qd3 44. Qe5 Qe4+ 45. Kh3 Kh7 46. Qxe4 fxe4 47. Rd2 Be8 48. Rd4 Bd7 49. Rb4 Bc8 50. Rb6 Kg6 51. b4 Kf5 52. Kg3 e5 53. a4 exf4+ 54. exf4 d4 55. b5 axb5 56. axb5 e3 57. bxc6 bxc6 58. Rxc6 d3 59. Rd6 Ke4 0-1

[Event "Oberliga Ost A 2023 2024"]
[Site "?"]
[Date "2024.02.24"]
[Round "6.6"]
[Board "6"]
[White "Bauer, Timon"]
[Black "Gempe, Thomas"]
[Result "1/2-1/2"]
[WhiteElo "1903"]
[BlackElo "2141"]
[PlyCount "28"]
[EventDate "2023.10.22"]
[EventType "team-tourn"]
[EventCountry "GER"]
[WhiteTeam "Leipzig VfB"]
[BlackTeam "Leipzig SG II"]
[WhiteTeamCountry "GER"]
[BlackTeamCountry "GER"]

1. e4 c5 2. Nf3 d6 3. d3 Nc6 4. g3 g6 5. Bg2 Bg7 6. O-O e6 7. c3 Nge7 8. Be3 O-O 9. d4 cxd4 10. cxd4 d5 11. Nc3 dxe4 12. Nxe4 Nd5 13. Rc1 h6 14. Nc3 Nb6 1/2-1/2

[Event "Oberliga Ost A 2023 2024"]
[Site "?"]
[Date "2024.02.24"]
[Round "6.6"]
[Board "7"]
[White "Limpert, Michael"]
[Black "Nerlich, Vincent"]
[Result "1-0"]
[WhiteElo "2124"]
[BlackElo "1919"]
[PlyCount "31"]
[EventDate "2023.10.22"]
[EventType "team-tourn"]
[EventCountry "GER"]
[WhiteTeam "Leipzig SG II"]
[BlackTeam "Leipzig VfB"]
[WhiteTeamCountry "GER"]
[BlackTeamCountry "GER"]

1. e4 e5 2. Nf3 Nc6 3. Bc4 Bc5 4. O-O Nf6 5. d4 exd4 6. e5 d5 7. exf6 dxc4 8. fxg7 Rg8 9. Bg5 Qd5 10. Nc3 Qf5 11. Ne4 Rxg7 12. Re1 Be7 13. Bxe7 Nxe7 14. Qxd4 f6 15. Nh4 Qf4 16. Nxf6+ 1-0

[Event "Oberliga Ost A 2023 2024"]
[Site "?"]
[Date "2024.02.24"]
[Round "6.6"]
[Board "8"]
[White "Thiergen, Sven"]
[Black "Greger, Ubald"]
[Result "1/2-1/2"]
[WhiteElo "2043"]
[BlackElo "2102"]
[PlyCount "87"]
[EventDate "2023.10.22"]
[EventType "team-tourn"]
[EventCountry "GER"]
[WhiteTeam "Leipzig VfB"]
[BlackTeam "Leipzig SG II"]
[WhiteTeamCountry "GER"]
[BlackTeamCountry "GER"]

1. e4 d6 2. d4 Nf6 3. Nc3 e5 4. Nf3 Nbd7 5. Bc4 Be7 6. O-O O-O 7. a3 c6 8. Ba2 b5 9. Re1 a6 10. Bg5 h6 11. Bh4 Nh5 12. Bxe7 Qxe7 13. Qd2 Bb7 14. Rad1 Rad8 15. g3 Kh7 16. Nh4 g6 17. Qe2 Nf4 18. gxf4 Qxh4 19. fxe5 dxe5 20. d5 Nf6 21. Qf3 Nh5 22. dxc6 Rxd1 23. Rxd1 Bc8 24. Rd3 Qg5+ 25. Kh1 Bg4 26. Qe3 Nf4 27. Rd6 Be6 28. Qg3 Qe7 29. Rd2 Bxa2 30. Nxa2 a5 31. Nc3 Rd8 32. Rxd8 Qxd8 33. h3 Qd6 34. Nxb5 Qxc6 35. Nc3 h5 36. Kh2 Qb6 37. Nd5 Nxd5 38. exd5 Qxb2 39. Qb3 Qd4 40. Kg2 Kg7 41. c4 Qe4+ 42. Kg1 Qe1+ 43. Kg2 Qe4+ 44. Kg1 1/2-1/2

[Event "Oberliga Ost A 2023 2024"]
[Site "?"]
[Date "2024.02.25"]
[Round "7.1"]
[Board "1"]
[White "Teske, Henrik"]
[Black "Cerveny, Martin"]
[Result "1-0"]
[WhiteElo "2450"]
[BlackElo "2389"]
[PlyCount "109"]
[EventDate "2023.10.22"]
[EventType "team-tourn"]
[EventCountry "GER"]
[WhiteTeam "Erfurt SV Empor"]
[BlackTeam "Aue ESV Nickelhuette II"]
[WhiteTeamCountry "GER"]
[BlackTeamCountry "GER"]

1. d4 d5 2. c4 c6 3. Nc3 Nf6 4. e3 g6 5. Nf3 Bg7 6. b4 O-O 7. Bb2 Bg4 8. Qb3 Bxf3 9. gxf3 e6 10. f4 dxc4 11. Qxc4 b5 12. Qb3 a5 13. bxa5 Qxa5 14. Bg2 Nd5 15. O-O Nd7 16. Rfc1 N7b6 17. Nxd5 cxd5 18. Rc5 Na4 19. Rxb5 Qd2 20. Qd1 Qxd1+ 21. Rxd1 Rfb8 22. Rxb8+ Rxb8 23. Ba1 Rc8 24. e4 dxe4 25. Bxe4 Bh6 26. d5 exd5 27. Bxd5 Nc3 28. Bb7 Rc7 29. Rd8+ Bf8 30. Bf3 Kg7 31. Rd3 Bb4 32. a3 Ba5 33. Rd5 Rb7 34. Be4 Kh6 35. Rxa5 Nxe4 36. Bd4 Nd2 37. Ra7 Rb3 38. Kg2 Nf3 39. Bc5 Kg7 40. a4 Kf6 41. a5 Ne1+ 42. Kf1 Nd3 43. Be3 Rb4 44. Rd7 Nxf4 45. Rd1 Ke6 46. a6 Nd5 47. Bc5 Ra4 48. a7 f5 49. Kg2 g5 50. h3 h5 51. Rb1 Nf4+ 52. Kh2 Kd5 53. Be3 Ne6 54. Rb5+ Ke4 55. Rb4+ 1-0

[Event "Oberliga Ost A 2023 2024"]
[Site "?"]
[Date "2024.02.25"]
[Round "7.1"]
[Board "2"]
[White "Cerveny, Petr"]
[Black "Langheinrich, Ferenc"]
[Result "0-1"]
[WhiteElo "2283"]
[BlackElo "2346"]
[PlyCount "182"]
[EventDate "2023.10.22"]
[EventType "team-tourn"]
[EventCountry "GER"]
[WhiteTeam "Aue ESV Nickelhuette II"]
[BlackTeam "Erfurt SV Empor"]
[WhiteTeamCountry "GER"]
[BlackTeamCountry "GER"]

1. e4 c6 2. d4 d5 3. exd5 cxd5 4. Bd3 Nc6 5. c3 Qc7 6. h3 e6 7. Nf3 Bd6 8. O-O Nge7 9. Re1 Ng6 10. a4 a6 11. Nbd2 a5 12. Nb1 Bd7 13. Na3 Na7 14. h4 Rb8 15. Nb5 Nxb5 16. axb5 b6 17. Qc2 f6 18. h5 Nf8 19. g3 Kf7 20. Kg2 Qd8 21. Rh1 Qe8 22. Qb3 Rc8 23. Bd2 Rc4 24. Bxc4 dxc4 25. Qxc4 Bxb5 26. Qb3 a4 27. Qd1 Qc6 28. Rh2 Nd7 29. Kg1 Qd5 30. Ne1 Bc6 31. Rxa4 Bxa4 32. Qxa4 b5 33. Qc2 Nb6 34. Ng2 Qf3 35. Ne1 Qd5 36. Rh4 Nc4 37. Bc1 f5 38. f4 Ra8 39. Kf2 b4 40. Nf3 bxc3 41. Qxc3 h6 42. Rh1 Rb8 43. Rd1 Nxb2 44. Bxb2 Rb3 45. Ra1 Rxc3 46. Bxc3 Qb7 47. Bd2 Be7 48. Ra2 Bf6 49. Be3 Qb6 50. Ra7+ Kg8 51. Kg2 Qb8 52. Ra6 Qe8 53. Bf2 Qxh5 54. Rxe6 Qf7 55. Rb6 Qd5 56. Be3 g5 57. fxg5 hxg5 58. Bxg5 Bxd4 59. Rb8+ Kf7 60. Rd8 Qa2+ 61. Kh3 Bc5 62. Rd2 Qa8 63. Rd3 Qe4 64. Rc3 Bd6 65. Bh4 Qg4+ 66. Kg2 f4 67. Rc4 Ke6 68. Re4+ Kd5 69. Rd4+ Kc5 70. Ra4 Qg7 71. Ra5+ Kc6 72. Ra6+ Kd5 73. Ra2 fxg3 74. Rd2+ Kc6 75. Nd4+ Kb6 76. Bd8+ Ka6 77. Ra2+ Kb7 78. Nf5 Qe5 79. Nxd6+ Qxd6 80. Rb2+ Kc8 81. Bb6 Qd3 82. Bg1 Qe4+ 83. Kf1 Qf3+ 84. Ke1 Qc3+ 85. Rd2 Qa1+ 86. Rd1 Qc3+ 87. Ke2 Qc2+ 88. Rd2 Qe4+ 89. Kf1 Kb7 90. Re2 Qd3 91. Ke1 Qb1+ 0-1

[Event "Oberliga Ost A 2023 2024"]
[Site "?"]
[Date "2024.02.25"]
[Round "7.1"]
[Board "3"]
[White "Urban, Lars"]
[Black "Bulockin, Martin"]
[Result "1/2-1/2"]
[WhiteElo "2206"]
[BlackElo "2294"]
[PlyCount "65"]
[EventDate "2023.10.22"]
[EventType "team-tourn"]
[EventCountry "GER"]
[WhiteTeam "Erfurt SV Empor"]
[BlackTeam "Aue ESV Nickelhuette II"]
[WhiteTeamCountry "GER"]
[BlackTeamCountry "GER"]

1. e4 c5 2. Nf3 d6 3. Bb5+ Bd7 4. Bxd7+ Qxd7 5. O-O Nc6 6. Re1 Nf6 7. c3 e6 8. d4 d5 9. exd5 Qxd5 10. dxc5 Qxd1 11. Rxd1 Bxc5 12. Bg5 Ne4 13. Bh4 a5 14. Nbd2 Nxd2 15. Rxd2 f6 16. Rad1 Rd8 17. Rxd8+ Nxd8 18. Ne5 g5 19. Nd7 Be7 20. Bg3 Nc6 21. Bc7 Kf7 22. a4 Rc8 23. Bb6 Bd8 24. Kf1 Bxb6 25. Nxb6 Rc7 26. Nc4 h5 27. Ke2 Kg6 28. Rd6 Kf5 29. Ne3+ Ke5 30. Nc4+ Kf5 31. Ne3+ Ke5 32. Nc4+ Kf5 33. Ne3+ 1/2-1/2

[Event "Oberliga Ost A 2023 2024"]
[Site "?"]
[Date "2024.02.25"]
[Round "7.1"]
[Board "4"]
[White "Solberg, Joachim"]
[Black "Heinke, Jasper"]
[Result "0-1"]
[WhiteElo "2164"]
[BlackElo "2044"]
[PlyCount "90"]
[EventDate "2023.10.22"]
[EventType "team-tourn"]
[EventCountry "GER"]
[WhiteTeam "Aue ESV Nickelhuette II"]
[BlackTeam "Erfurt SV Empor"]
[WhiteTeamCountry "GER"]
[BlackTeamCountry "GER"]

1. e4 e6 2. d4 d5 3. Nc3 Bb4 4. exd5 exd5 5. a3 Bxc3+ 6. bxc3 Ne7 7. Nf3 Nbc6 8. Bd3 Bf5 9. O-O O-O 10. Re1 Qd7 11. Bf4 Rfe8 12. Qd2 Bxd3 13. Qxd3 Ng6 14. Bg3 Nce7 15. c4 c6 16. c5 b6 17. cxb6 axb6 18. a4 Nf5 19. Reb1 c5 20. Qb5 Qxb5 21. Rxb5 Nxd4 22. Nxd4 Rxa4 23. Rab1 Rxd4 24. Rxb6 h5 25. Kf1 Rc4 26. R1b2 d4 27. Rb8 Rxb8 28. Bxb8 f6 29. Bd6 Kf7 30. Rb5 Rxc2 31. Rxc5 Rxc5 32. Bxc5 d3 33. Ke1 Ke6 34. Kd2 Kd5 35. Ba3 Kc4 36. Bd6 Nh4 37. Bf8 g6 38. Be7 Nxg2 39. Bxf6 Nf4 40. Be5 Ne6 41. Ke3 Nc5 42. f3 Ne6 43. Bf6 Nf4 44. Be5 Ng2+ 45. Kf2 Kb3 0-1

[Event "Oberliga Ost A 2023 2024"]
[Site "?"]
[Date "2024.02.25"]
[Round "7.1"]
[Board "5"]
[White "Michalowski, Peter"]
[Black "Schnabel, Ralf"]
[Result "0-1"]
[WhiteElo "2066"]
[BlackElo "2197"]
[PlyCount "156"]
[EventDate "2023.10.22"]
[EventType "team-tourn"]
[EventCountry "GER"]
[WhiteTeam "Erfurt SV Empor"]
[BlackTeam "Aue ESV Nickelhuette II"]
[WhiteTeamCountry "GER"]
[BlackTeamCountry "GER"]

1. e4 d5 2. exd5 Qxd5 3. Nc3 Qd6 4. d4 Nf6 5. Nf3 c6 6. Be3 Bf5 7. Qd2 e6 8. Bf4 Qd8 9. a3 Nbd7 10. Be2 Be7 11. O-O O-O 12. Rfe1 Nd5 13. Bg3 Rc8 14. Rad1 N7f6 15. Bd3 Bg4 16. Be2 Nxc3 17. Qxc3 Ne4 18. Qb3 Nxg3 19. hxg3 Rc7 20. Ne5 Bxe2 21. Rxe2 Qd5 22. Qxd5 cxd5 23. Rd3 Rfc8 24. Rb3 Bd6 25. c3 f6 26. Nd3 Kf7 27. f4 h5 28. Kf2 b6 29. Kf3 g6 30. Rb5 Rc4 31. Re1 Rb8 32. Nb4 Bxb4 33. Rxb4 Rc6 34. Rh1 f5 35. Ke3 Ke7 36. Kd3 Kd6 37. Ra1 Kc7 38. Re1 Kd6 39. Ra1 Rbc8 40. Re1 Rb8 41. Rh1 Rg8 42. Ke3 Kc7 43. Rc1 Kb7 44. Kf3 Rgc8 45. Re1 Rd6 46. Ke3 a5 47. Rb3 Rc4 48. Kd3 Ka6 49. Ra1 Ra4 50. Rc1 b5 51. Re1 Rb6 52. Re2 Rc4 53. Re1 Rc8 54. Ra1 Rg8 55. Rh1 Rc6 56. Ke3 Rc4 57. Kd3 Rb8 58. Re1 Rb6 59. Ra1 Kb7 60. Re1 Kc7 61. g4 hxg4 62. Rh1 a4 63. Rb4 Kd6 64. Rh6 Rxb4 65. cxb4 Rc6 66. Rxg6 Rc1 67. Rg8 Rg1 68. Rb8 Rxg2 69. Rxb5 Rxb2 70. Rb6+ Kd7 71. Rb7+ Kc6 72. Ra7 Rb3+ 73. Ke2 Rxa3 74. Ra6+ Kd7 75. b5 Rb3 76. Rxa4 Rxb5 77. Ra6 Rb3 78. Ra7+ Kd6 0-1

[Event "Oberliga Ost A 2023 2024"]
[Site "?"]
[Date "2024.02.25"]
[Round "7.1"]
[Board "6"]
[White "Ludvik, Tomas"]
[Black "Wiemers, Holger"]
[Result "1-0"]
[WhiteElo "2217"]
[BlackElo "2058"]
[PlyCount "81"]
[EventDate "2023.10.22"]
[EventType "team-tourn"]
[EventCountry "GER"]
[WhiteTeam "Aue ESV Nickelhuette II"]
[BlackTeam "Erfurt SV Empor"]
[WhiteTeamCountry "GER"]
[BlackTeamCountry "GER"]

1. d4 d5 2. c4 dxc4 3. Nf3 Nf6 4. e3 e6 5. Bxc4 c5 6. O-O a6 7. a4 Nc6 8. Nc3 Qc7 9. Qe2 Be7 10. Rd1 O-O 11. d5 exd5 12. Bxd5 Nb4 13. e4 Nbxd5 14. exd5 h6 15. h3 Bd6 16. Be3 b6 17. Rac1 Qe7 18. Qd3 Bb7 19. Nh4 Rfd8 20. Nf5 Qf8 21. Qc4 Bc8 22. Nxd6 Qxd6 23. Bf4 Qd7 24. a5 bxa5 25. Qxc5 a4 26. Be5 Qf5 27. Qb6 Bd7 28. Bxf6 gxf6 29. Re1 Rab8 30. Qd4 Kg7 31. Re3 Rb3 32. Rce1 Bc6 33. Rf3 Rxd5 34. Rg3+ Kf8 35. Nxd5 Rxg3 36. Ne3 Rxe3 37. Rxe3 Qd5 38. Qb4+ Kg7 39. Rg3+ Kh7 40. Qf8 Qd1+ 41. Kh2 1-0

[Event "Oberliga Ost A 2023 2024"]
[Site "?"]
[Date "2024.02.25"]
[Round "7.1"]
[Board "7"]
[White "Rempel, Patrick"]
[Black "Kunze, Kerstin"]
[Result "1/2-1/2"]
[WhiteElo "2039"]
[BlackElo "1992"]
[PlyCount "140"]
[EventDate "2023.10.22"]
[EventType "team-tourn"]
[EventCountry "GER"]
[WhiteTeam "Erfurt SV Empor"]
[BlackTeam "Aue ESV Nickelhuette II"]
[WhiteTeamCountry "GER"]
[BlackTeamCountry "GER"]

1. c4 c5 2. Nc3 Nc6 3. Nf3 g6 4. g3 Bg7 5. Bg2 Nf6 6. O-O e5 7. d3 d6 8. Rb1 O-O 9. a3 a5 10. Ne1 Rb8 11. Nc2 Bd7 12. b4 axb4 13. axb4 b6 14. Bg5 h6 15. Bd2 Nd4 16. Ne3 Bc6 17. Ned5 Nxd5 18. Nxd5 Bxd5 19. Bxd5 Nf5 20. Qa4 Ne7 21. Bg2 Rc8 22. Qa6 d5 23. bxc5 bxc5 24. Ba5 Qd7 25. Rb7 Qc6 26. Rb6 Qa4 27. Qb5 Qxb5 28. Rxb5 dxc4 29. dxc4 Nf5 30. Bb6 Nd6 31. Rxc5 Nxc4 32. Bc7 Nd2 33. Rd1 Nb3 34. Rc4 Rfe8 35. Bb7 Na5 36. Bxc8 Nxc4 37. Ba6 Nb2 38. Rd2 Ra8 39. Bb5 Rc8 40. Rd7 Bf6 41. Bc6 Rf8 42. Bd5 Na4 43. Bd6 Nb6 44. Bxf8 Nxd7 45. Bxh6 g5 46. f4 exf4 47. gxf4 Bd4+ 48. Kg2 gxf4 49. Bxf4 Kg7 50. Kf3 f5 51. Bc1 Kf6 52. h4 Ne5+ 53. Kg3 Ng4 54. h5 Ne3 55. Bc6 Be5+ 56. Kh4 Bd4 57. Bd2 Ng4 58. Bg5+ Kg7 59. Kg3 Be5+ 60. Kh4 Nf6 61. Bb7 Nh7 62. Bd2 Bf6+ 63. Kg3 Be5+ 64. Bf4 Kf6 65. Bc8 Ng5 66. Bxf5 Kxf5 67. Bxe5 Ne4+ 68. Kh4 Kxe5 69. Kg4 Nf6+ 70. Kg5 Nxh5 1/2-1/2

[Event "Oberliga Ost A 2023 2024"]
[Site "?"]
[Date "2024.02.25"]
[Round "7.1"]
[Board "8"]
[White "Poessel, Christian"]
[Black "Berner, Stephan"]
[Result "1-0"]
[WhiteElo "1906"]
[BlackElo "1935"]
[PlyCount "85"]
[EventDate "2023.10.22"]
[EventType "team-tourn"]
[EventCountry "GER"]
[WhiteTeam "Aue ESV Nickelhuette II"]
[BlackTeam "Erfurt SV Empor"]
[WhiteTeamCountry "GER"]
[BlackTeamCountry "GER"]

1. d4 d5 2. c4 c6 3. Nf3 Nf6 4. Nc3 e6 5. g3 Nbd7 6. Bg2 Be7 7. O-O O-O 8. Qc2 b6 9. e4 Bb7 10. e5 Ne8 11. h4 Rc8 12. Rd1 Qc7 13. Bg5 Bxg5 14. Nxg5 g6 15. cxd5 cxd5 16. Qe2 a6 17. h5 Ng7 18. hxg6 fxg6 19. Bh3 Rce8 20. Rac1 Qd8 21. f4 b5 22. Rd2 Qb6 23. Qd3 Nf5 24. Kg2 Re7 25. Nd1 a5 26. Ne3 b4 27. Bxf5 exf5 28. Nf3 Rd8 29. Qb3 Nf8 30. Rc5 Red7 31. Qa4 Ra8 32. Rdc2 Qd8 33. Ng5 h6 34. e6 hxg5 35. exd7 gxf4 36. gxf4 Qe7 37. Re2 Qe4+ 38. Kg1 Ne6 39. Qc2 Nxc5 40. Qxc5 Qxf4 41. Qe7 Qg3+ 42. Ng2 Qc7 43. Qf6 1-0

[Event "Oberliga Ost A 2023 2024"]
[Site "?"]
[Date "2024.02.25"]
[Round "7.2"]
[Board "1"]
[White "Mastrovasilis, Dimitrios"]
[Black "Bures, Jaroslav"]
[Result "1-0"]
[WhiteElo "2576"]
[BlackElo "2406"]
[PlyCount "111"]
[EventDate "2023.10.22"]
[EventType "team-tourn"]
[EventCountry "GER"]
[WhiteTeam "Plauen SK Koenig"]
[BlackTeam "Reichenbrand SV Eiche"]
[WhiteTeamCountry "GER"]
[BlackTeamCountry "GER"]

1. e4 c6 2. d4 d5 3. Nd2 dxe4 4. Nxe4 Bf5 5. Ng3 Bg6 6. h4 h6 7. Bd3 Bxd3 8. Qxd3 e6 9. N1e2 Be7 10. Bd2 Nf6 11. O-O-O O-O 12. Kb1 c5 13. Ne4 Nc6 14. Nxc5 Bxc5 15. dxc5 Qxd3 16. cxd3 Rfd8 17. Be3 Rd7 18. a3 Rad8 19. Kc2 Ng4 20. Rhe1 Ne7 21. Ng3 Ne5 22. d4 N5c6 23. b4 Nxd4+ 24. Bxd4 Rxd4 25. Rxd4 Rxd4 26. Re4 Rd7 27. Rc4 f5 28. Rc3 g5 29. hxg5 hxg5 30. Ne2 g4 31. Rd3 Rxd3 32. Kxd3 e5 33. Nc3 Kf7 34. Nb5 Nc8 35. Kc4 Ke6 36. Nc7+ Kd7 37. Nd5 a6 38. a4 Ke6 39. b5 axb5+ 40. axb5 f4 41. b6 g3 42. fxg3 fxg3 43. Nb4 Kf5 44. Kd3 e4+ 45. Kd4 Kf4 46. Nd5+ Kf5 47. Nc3 Ne7 48. Nxe4 Nc6+ 49. Kd5 Kf4 50. Nd6 Ke3 51. Nxb7 Nb4+ 52. Kc4 Nc6 53. Nd6 Kf2 54. Ne4+ Kxg2 55. Kd5 Nb4+ 56. Kd6 1-0

[Event "Oberliga Ost A 2023 2024"]
[Site "?"]
[Date "2024.02.25"]
[Round "7.2"]
[Board "2"]
[White "Fuchs, Florian"]
[Black "Zawadzka, Jolanta"]
[Result "1/2-1/2"]
[WhiteElo "2307"]
[BlackElo "2347"]
[PlyCount "157"]
[EventDate "2023.10.22"]
[EventType "team-tourn"]
[EventCountry "GER"]
[WhiteTeam "Reichenbrand SV Eiche"]
[BlackTeam "Plauen SK Koenig"]
[WhiteTeamCountry "GER"]
[BlackTeamCountry "GER"]

1. d4 d5 2. Nc3 Nf6 3. Bf4 c5 4. e4 Nxe4 5. Nxe4 dxe4 6. dxc5 Qa5+ 7. c3 Qxc5 8. Qa4+ Nc6 9. Qxe4 g6 10. Qc4 Qxc4 11. Bxc4 Bg7 12. Nf3 O-O 13. O-O Bg4 14. h3 Bxf3 15. gxf3 Ne5 16. Be2 Rac8 17. Rfd1 Nc4 18. Bxc4 Rxc4 19. Be3 b5 20. Bxa7 b4 21. cxb4 Rxb4 22. Rab1 Bxb2 23. Bc5 Rc4 24. Bxe7 Re8 25. Rd7 Bd4 26. Rbb7 Ra8 27. a3 Bc5 28. Bxc5 Rxc5 29. Rxf7 Rh5 30. Rg7+ Kh8 31. Rgc7 Rxh3 32. a4 Rxf3 33. Rxh7+ Kg8 34. Rhg7+ Kf8 35. Rh7 Kg8 36. Rh4 Ra3 37. Rbb4 Ra6 38. Kg2 Kg7 39. Rhf4 Kh6 40. Rh4+ Kg7 41. Rb7+ Kf6 42. Rf4+ Kg5 43. Rbb4 Kh6 44. Kf1 Ra2 45. Rg4 Rf6 46. Rbf4 Ra6 47. Rh4+ Kg7 48. Rhg4 Kh6 49. Kg2 Ra3 50. f3 Ra2+ 51. Kg3 Ra1 52. Rb4 g5 53. Rgc4 Kh5 54. Rg4 Kh6 55. f4 Rg1+ 56. Kh3 Rxg4 57. Kxg4 gxf4 58. Kxf4 Kg6 59. Ke5 Kf7 60. Kd5 Ke7 61. Kc5 Kd7 62. Kb5 Ra8 63. Rh4 Rb8+ 64. Ka6 Rb1 65. Rc4 Rb2 66. a5 Rb1 67. Ka7 Rb5 68. a6 Rb1 69. Rh4 Kc7 70. Rh7+ Kc8 71. Rb7 Ra1 72. Rb2 Rc1 73. Rb6 Kc7 74. Rb8 Ra1 75. Rb7+ Kc8 76. Kb6 Rb1+ 77. Kc6 Rxb7 78. axb7+ Kb8 79. Kb6 1/2-1/2

[Event "Oberliga Ost A 2023 2024"]
[Site "?"]
[Date "2024.02.25"]
[Round "7.2"]
[Board "3"]
[White "Zaehringer, Daniel"]
[Black "Fischer, Edwin"]
[Result "1-0"]
[WhiteElo "2149"]
[BlackElo "2212"]
[PlyCount "87"]
[EventDate "2023.10.22"]
[EventType "team-tourn"]
[EventCountry "GER"]
[WhiteTeam "Plauen SK Koenig"]
[BlackTeam "Reichenbrand SV Eiche"]
[WhiteTeamCountry "GER"]
[BlackTeamCountry "GER"]

1. d4 d5 2. c4 dxc4 3. Nf3 Nf6 4. e3 e6 5. Bxc4 a6 6. Qe2 b5 7. Bd3 c5 8. dxc5 Bxc5 9. O-O Nbd7 10. a4 b4 11. Nbd2 Bb7 12. Nc4 Ra7 13. Nfd2 O-O 14. Nb3 Qe7 15. Bd2 Ne4 16. Bxe4 Bxe4 17. f3 Bd5 18. Nxc5 Qxc5 19. Rfc1 a5 20. Ne5 Qb6 21. Nxd7 Rxd7 22. Be1 f5 23. Bf2 Qb7 24. Rc5 Ra8 25. Rac1 Qa6 26. Qc2 b3 27. Qc3 h6 28. Be1 Rda7 29. Qe5 Qe2 30. Bc3 Rf7 31. Bd4 Kh7 32. h3 Raa7 33. Rxd5 exd5 34. Bxa7 Rxa7 35. Qxf5+ g6 36. Qe5 h5 37. Kh2 Qf2 38. Rc8 Rg7 39. Rc5 Rd7 40. Rc8 Rg7 41. Qb8 g5 42. Rh8+ Kg6 43. Qd6+ Kf5 44. Rf8+ 1-0

[Event "Oberliga Ost A 2023 2024"]
[Site "?"]
[Date "2024.02.25"]
[Round "7.2"]
[Board "4"]
[White "Laemmel, Sebastian"]
[Black "Kunze, Carlo"]
[Result "1-0"]
[WhiteElo "2178"]
[BlackElo "2277"]
[PlyCount "51"]
[EventDate "2023.10.22"]
[EventType "team-tourn"]
[EventCountry "GER"]
[WhiteTeam "Reichenbrand SV Eiche"]
[BlackTeam "Plauen SK Koenig"]
[WhiteTeamCountry "GER"]
[BlackTeamCountry "GER"]

1. d4 Nf6 2. c4 e6 3. Nf3 Bb4+ 4. Bd2 a5 5. a3 Bxd2+ 6. Qxd2 d6 7. e3 Nbd7 8. Nc3 O-O 9. Bd3 Re8 10. Bc2 e5 11. O-O-O exd4 12. Qxd4 Nc5 13. Qh4 h6 14. e4 Bd7 15. Rhe1 Qc8 16. h3 Bc6 17. Nd4 Nh7 18. f4 Qd8 19. Qf2 Qf6 20. h4 Nf8 21. g4 g5 22. Nf5 b6 23. Kb1 Rad8 24. Rd5 Rd7 25. Rh1 Nfe6 26. hxg5 1-0

[Event "Oberliga Ost A 2023 2024"]
[Site "?"]
[Date "2024.02.25"]
[Round "7.2"]
[Board "5"]
[White "Burian, Simon"]
[Black "Kyas, Juergen"]
[Result "1/2-1/2"]
[WhiteElo "2189"]
[BlackElo "2174"]
[PlyCount "35"]
[EventDate "2023.10.22"]
[EventType "team-tourn"]
[EventCountry "GER"]
[WhiteTeam "Plauen SK Koenig"]
[BlackTeam "Reichenbrand SV Eiche"]
[WhiteTeamCountry "GER"]
[BlackTeamCountry "GER"]

1. e4 c5 2. Nf3 g6 3. d4 cxd4 4. Nxd4 Nc6 5. c4 Nf6 6. Nc3 d6 7. Nc2 Bg7 8. Be2 Nd7 9. Bd2 a5 10. O-O Nc5 11. f3 a4 12. Rb1 O-O 13. b4 axb3 14. axb3 Be6 15. b4 Na4 16. Nxa4 Rxa4 17. Kh1 Qa8 18. Ne3 1/2-1/2

[Event "Oberliga Ost A 2023 2024"]
[Site "?"]
[Date "2024.02.25"]
[Round "7.2"]
[Board "6"]
[White "Kapp, Martin"]
[Black "Kuraszkiewicz, Michael"]
[Result "1-0"]
[WhiteElo "2169"]
[BlackElo "2275"]
[PlyCount "43"]
[EventDate "2023.10.22"]
[EventType "team-tourn"]
[EventCountry "GER"]
[WhiteTeam "Reichenbrand SV Eiche"]
[BlackTeam "Plauen SK Koenig"]
[WhiteTeamCountry "GER"]
[BlackTeamCountry "GER"]

1. d4 Nf6 2. c4 c5 3. d5 e5 4. Nc3 d6 5. e4 Be7 6. Be2 Nbd7 7. Nf3 Nf8 8. O-O Ng6 9. Ne1 O-O 10. Nd3 Ne8 11. a3 Bg5 12. Bg4 Bxc1 13. Rxc1 Qg5 14. Bxc8 Rxc8 15. Qf3 f5 16. exf5 Nh4 17. Qh3 Qxf5 18. Qxh4 Qxd3 19. Ne4 h6 20. Qg4 Nc7 21. Rc3 h5 22. Nf6+ 1-0

[Event "Oberliga Ost A 2023 2024"]
[Site "?"]
[Date "2024.02.25"]
[Round "7.2"]
[Board "7"]
[White "Hoerr, Matthias"]
[Black "Weisspflog, Janek"]
[Result "1/2-1/2"]
[WhiteElo "2086"]
[BlackElo "2043"]
[PlyCount "64"]
[EventDate "2023.10.22"]
[EventType "team-tourn"]
[EventCountry "GER"]
[WhiteTeam "Plauen SK Koenig"]
[BlackTeam "Reichenbrand SV Eiche"]
[WhiteTeamCountry "GER"]
[BlackTeamCountry "GER"]

1. c4 e5 2. g3 Nf6 3. Bg2 h6 4. Nf3 Nc6 5. Nc3 Bc5 6. Nxe5 Bxf2+ 7. Kxf2 Nxe5 8. b3 Nfg4+ 9. Kg1 d6 10. h3 Nf6 11. d4 Ng6 12. e4 O-O 13. Kh2 Rb8 14. Rf1 c5 15. Be3 b6 16. Qc2 Qe7 17. Rae1 cxd4 18. Bxd4 Ne5 19. Nd1 Re8 20. Ne3 Be6 21. Rd1 Qc7 22. Qb2 a6 23. Rfe1 a5 24. a4 Nfd7 25. Nf5 Bxf5 26. exf5 Nc5 27. Qc3 f6 28. Bf2 Kh8 29. Rd5 Nf7 30. h4 Rxe1 31. Bxe1 Re8 32. Bd2 Ne5 1/2-1/2